Statystyki dla Kraje które mają powyżej 100mln ludności.

Kliknij tutaj aby rozwiązać quiz!

Ogólne statystyki

  • Ten quiz został rozwiązany 257 razy
  • Średni wynik to 7 z 10

Statystyki odpowiedzi

Ludność - KontynentPaństwo% Poprawnych
1,4mld - AzjaChiny
100%
1,3mld - AzjaIndie
95%
329mln - Ameryka północnaStany Zjednoczone
95%
208mln - Ameryka południowaBrazylia
89%
262mln - AzjaIndonezja
71%
203mln - AfrykaNigeria
66%
126mln - AzjaJaponia
61%
207mln - AzjaPakistan
61%
142mln - AzjaRosja
57%
159mln - AzjaBangladesz
56%

Rozkład punktacji

Percentyl według liczby udzielonych odpowiedzi

Procent ludzi z każdym wynikiem

Twoja historia wyników

Nie rozwiązałeś tego quizu